| 000 | 00902nam a22002177a 4500 | ||
|---|---|---|---|
| 999 |
_c8661 _d8661 |
||
| 003 | AR-CdUCM | ||
| 008 | 190325b ||||| |||| 00| 0 spa d | ||
| 020 | _a9972-33-025-7 | ||
| 040 |
_aMUNICIPALIDAD PROVINCIAL DEL CUSCO _cBIBLIOTECA MUNICIPAL DEL CUSCO |
||
| 082 |
_a172 / _bM67 |
||
| 100 |
_aMiranda Cabello, Edmundo _924214 |
||
| 245 | _aEthoscracia : manifestación quintaescencial del ínsito poder del pueblo / | ||
| 260 |
_aArequipa : _bJM&S Impresiones Gráficas _c2004. |
||
| 300 |
_a400 paginas ; _c21 cm. |
||
| 505 | _aContenido : El viaje -- Nobus mundus de eutopía -- Analizando nuestra utopía de Tomas Moro -- Fundamentación y ubicación de la ethoscracia dentro de la filosofía de la ciencia -- El alba del mundo... | ||
| 650 |
_aÉtica política _910773 |
||
| 650 |
_a Etica y sociología. _924215 |
||
| 650 |
_aEstado y poder _924216 |
||
| 942 |
_2ddc _cLIBROS |
||
| 945 | _awnts | ||